| 000 | 00471nam a22001457a 4500 | ||
|---|---|---|---|
| 999 |
_c181820 _d181820 |
||
| 005 | 20211006153441.0 | ||
| 010 | _aEN230921 | ||
| 020 |
_a9789354493546 _c799.00 |
||
| 037 | _bPearson | ||
| 245 |
_aCTET Central teacher eligibility test paper I / _cby Sandeep Kumar and others |
||
| 260 |
_aNoida _bPearson _c2021 |
||
| 270 |
_a15th Floor, Tower-B, World Trade Tower, Plot No. 1, Block-C, Sector-16 _bNoida, U.P. _e201301 |
||
| 300 |
_avp. _c24cm(pbk) |
||
| 942 |
_2ddc _cEN _mCTE |
||